Loading...
Mythology | 0 | 4 | 1 | 0 | 35 | 53 | 77.00 | 1 | 3 |
Fine Arts - Classical Music | 0 | 2 | 0 | 0 | 20 | 30 | 62.00 | 1 | 2 |
Fine Arts - Other Fine Arts | 0 | 2 | 0 | 0 | 20 | 97 | 99.50 | 0 | 0 |
Science - Biology | 0 | 2 | 0 | 1 | 20 | 106 | 115.50 | 0 | 0 |
Fine Arts - Painting & Sculpture | 0 | 2 | 0 | 0 | 20 | 73 | 102.00 | 0 | 1 |
Social Science | 0 | 1 | 0 | 1 | 10 | 137 | 137.00 | 0 | 0 |
Geography | 0 | 1 | 0 | 0 | 10 | 60 | 60.00 | 0 | 1 |
History - Other History | 0 | 1 | 0 | 0 | 10 | 89 | 89.00 | 0 | 1 |
Literature - American Literature | 0 | 1 | 0 | 0 | 10 | 121 | 121.00 | 0 | 0 |
Religion | 0 | 1 | 1 | 0 | 5 | 108 | 108.00 | 0 | 0 |
Literature - European Literature | 0 | 0 | 1 | 0 | -5 | 0.00 | 0 | 0 | |
History - World History | 0 | 0 | 1 | 0 | -5 | 0.00 | 0 | 0 |